The myth of the out of character crime/ (Record no. 906)

MARC details
000 -LEADER
fixed length control field 00461nam a2200169 a 4500
005 - DATE AND TIME OF LATEST TRANSACTION
control field 20260322212038.0
008 - FIXED-LENGTH DATA ELEMENTS--GENERAL INFORMATION
fixed length control field data
020 ## - INTERNATIONAL STANDARD BOOK NUMBER
International Standard Book Number 9781453632918
096 ## - LOCALLY ASSIGNED NLM-TYPE CALL NUMBER (OCLC)
Classification number WM 605 S224 2010
001 - CONTROL NUMBER
control field data
100 1# - MAIN ENTRY--PERSONAL NAME
Personal name Samenow, Stanton E.
245 14 - TITLE STATEMENT
Title The myth of the out of character crime/
Statement of responsibility, etc. Stanton E. Samenow.
260 ## - PUBLICATION, DISTRIBUTION, ETC.
Place of publication, distribution, etc. [Scotts Valley, Calif. :
Name of publisher, distributor, etc. CreateSpace,
Date of publication, distribution, etc. 2010.
300 ## - PHYSICAL DESCRIPTION
Extent Book 217 p. ;
Other physical details 24 cm.
650 #0 - SUBJECT ADDED ENTRY--TOPICAL TERM
Topical term or geographic name entry element Criminal psychology
650 #0 - SUBJECT ADDED ENTRY--TOPICAL TERM
Topical term or geographic name entry element Criminal behavior
Holdings
Withdrawn status Lost status Damaged status Not for loan Home library Current library Shelving location Date acquired Total checkouts Full call number Barcode Date last seen Price effective from Koha item type
        Pleasant Valley Pleasant Valley General stacks 22/03/2026   GEN BC0010934 22/03/2026 22/03/2026 Books